Vytvorenie webovej aplikácie na komunikáciu medzi členmi tímu (čet) bakalárska práca

Guardado en:
Detalles Bibliográficos
Autor principal: Smolen, Radoslav
Autor Corporativo: Fakulta hospodárskej informatiky EU. Katedra aplikovanej informatiky
Otros Autores: Sojka, Pavol, 1978-
Formato: Libro
Lenguaje:eslovaco
Publicado: Bratislava 2020
Etiquetas: Agregar Etiqueta
Sin Etiquetas, Sea el primero en etiquetar este registro!

MARC

LEADER 00000nbm a2200000 4500
001 0268100
005 20210510110140.0
041 0 |a slo 
044 |a SK 
245 1 0 |a Vytvorenie webovej aplikácie na komunikáciu medzi členmi tímu (čet)  |b bakalárska práca  |c Radoslav Smolen ; školiteľ: Pavol Sojka 
264 1 |a Bratislava  |c 2020 
300 |a 60 s. 
100 1 |a Smolen, Radoslav 
700 1 |a Sojka, Pavol, 1978- 
710 2 |a Fakulta hospodárskej informatiky EU. Katedra aplikovanej informatiky